Statistics for Saudi League Transfers

Click here to take the quiz!

General Stats

  • This quiz has been taken 31 times
  • The average score is 14 of 16

Answer Stats

Answer% Correct
Karim Benzema
100%
Neymar
100%
Ngolo Kante
100%
Roberto Firmino
100%
Sadio Mane
100%
Fabinho
96%
Jordan Henderson
96%
Riyad Mahrez
96%
Aleksandar Mitrovic
86%
Ruben Neves
86%
Edouard Mendy
82%
Marcelo Brozovic
82%
Kalidou Koulibaly
79%
Allan Saint-Maximin
75%
Franck Kessie
75%
Alex Telles
71%

Score Distribution

Percentile by Number Answered

Percent of People with Each Score

Your Score History

You have not taken this quiz